Breve historia de la Medicina / (Record no. 144253)

MARC details
000 -LEADER
campo de control de longitud fija 00690nam a2200181 4500
001 - NÚMERO DE CONTROL
campo de control 144253
003 - IDENTIFICADOR DE NÚMERO DE CONTROL
campo de control ES-MaACL
005 - FECHA Y HORA DE LA ÚLTIMA TRANSACCIÓN
campo de control 20230906200957.0
007 - CAMPO FIJO DE DESCRIPCIÓN FÍSICA--INFORMACIÓN GENERAL
campo de control de longitud fija t|
008 - DATOS DE LONGITUD FIJA--INFORMACIÓN GENERAL
campo de control de longitud fija 070214s1966 sp r ||||1| spa d
100 1# - ENTRADA PRINCIPAL--NOMBRE DE PERSONA
Nombre de persona Singer, Charles.
9 (RLIN) 106622
245 10 - MENCIÓN DEL TÍTULO
Título Breve historia de la Medicina /
Mención de responsabilidad, etc. Charles Singer y E. Ashwort Underwood ; con un apéndice sobre la Historia de la Medicina española [y traducción] por José Mª López Piñero.
260 ## - PUBLICACIÓN, DISTRIBUCIÓN, ETC.
Lugar de publicación, distribución, etc. Madrid :
Nombre del editor, distribuidor, etc. Guadarrama,
Fecha de publicación, distribución, etc. 1966 (
Fabricante Sánchez Leal)
300 ## - DESCRIPCIÓN FÍSICA
Extensión 821 p., 2 lám. :
Otras características físicas il. ;
Dimensiones 23 cm.
700 1# - ENTRADA AGREGADA--NOMBRE PERSONAL
Nombre de persona Underwood, E. Ashwort.
9 (RLIN) 111998
700 1# - ENTRADA AGREGADA--NOMBRE PERSONAL
Nombre de persona López Piñero, José María.
9 (RLIN) 73895
852 ## - LOCALIZACIÓN
Ubicación ES-MaACL
Número de control de estantería C-31569
Sublocalización o colección R.61358
Holdings
Estatus retirado Estado de pérdida Estado de daño No para préstamo Biblioteca de origen Biblioteca actual Ubicación en estantería Fecha de adquisición Fuente de adquisición Total de préstamos Signatura topográfica completa Código de barras Visto por última vez Precio de reemplazo Tipo de ítem Koha
        Biblioteca del Ateneo de Madrid Biblioteca del Ateneo de Madrid Depósito 2 17/01/2008     C-31569 1150082 23/02/2023 23/02/2023 Libro impreso